Geography Quiz

Random Geography or Asia Quiz

Landlocked Asia: Clickable Quiz Stats

 Plays Quiz Updated Feb 20, 2019

     
Support Sporcle.
Go Orange.
Score 0/12 Timer 03:00
8 Plays Today
% Correct
Kyrgyzstan
81.5%
Kazakhstan
80.6%
Mongolia
78.1%
Afghanistan
77.8%
Nepal
76.8%
Bhutan
73%
Tajikistan
71.7%
Uzbekistan
67.9%
Turkmenistan
67.6%
Azerbaijan
66.9%
Armenia
62.4%
Laos
53.9%

From the Vault

The Only One: Harry Potter Edition

by Hejman

This quiz is 'The Chosen One'.
Remove Ads.
Support Sporcle.
Get the best of Sporcle when you Go Orange. This ad-free experience offers more features, more stats, and more fun while also helping to support Sporcle. Thank you for becoming a member.

Show Comments

Extras

Top Quizzes Today


Score Distribution

Your Account Isn't Verified!

In order to create a playlist on Sporcle, you need to verify the email address you used during registration. Go to your Sporcle Settings to finish the process.

Report this User

Report this user for behavior that violates our Community Guidelines.

Details: